The Chinese Agenda. (Record no. 691009)

MARC details
000 -LEADER
fixed length control field 00444nam a2200181Ia 4500
008 - FIXED-LENGTH DATA ELEMENTS--GENERAL INFORMATION
fixed length control field 100920s9999 xx 000 0 und d
082 ## - DEWEY DECIMAL CLASSIFICATION NUMBER
Item number 39392
Classification number 6 0
100 ## - MAIN ENTRY--PERSONAL NAME
Personal name Joe Pozer.
245 ## - TITLE STATEMENT
Title The Chinese Agenda.
260 ## - PUBLICATION, DISTRIBUTION, ETC. (IMPRINT)
Name of publisher, distributor, etc ---
Date of publication, distribution, etc 0
300 ## - PHYSICAL DESCRIPTION
Extent 253
Other physical details साधी
365 ## - TRADE PRICE
Price amount 13.75
520 ## - SUMMARY, ETC.
Summary, etc ई.एल. एफ.
630 ## - SUBJECT ADDED ENTRY--UNIFORM TITLE
Uniform title The Chinese Agenda.
650 ## - SUBJECT ADDED ENTRY--TOPICAL TERM
Topical term or geographic name as entry element ई.एल. एफ.
730 ## - ADDED ENTRY--UNIFORM TITLE
Uniform title The Chinese Agenda.
942 ## - ADDED ENTRY ELEMENTS (KOHA)
Koha item type Book
Holdings
Withdrawn status Lost status Damaged status Not for loan Home library Current library Shelving location Date acquired Cost, normal purchase price Total Checkouts Barcode Date last seen Price effective from Koha item type Public note
        Shri Chhatrapati Pratapsinh Maharaj ( Thorle) Nagar Vachanalaya, Satara Shri Chhatrapati Pratapsinh Maharaj ( Thorle) Nagar Vachanalaya, Satara     13.75   SATVAC-39392 09/20/2010 09/20/2010 Book देवघेव